[Event "Manizales Feria op 29th"]
[Site "Manizales"]
[Date "2024.01.07"]
[Round "5"]
[White "Diaz Larrea, Juan Manuel"]
[Black "Lopez Perdomo, Juan David"]
[Result "1-0"]
[WhiteElo "1862"]
[BlackElo "2029"]
[PlyCount "85"]
[EventDate "2024.01.05"]
[EventType "swiss"]
[EventRounds "7"]
[EventCountry "COL"]
[SourceTitle "CB02_2024"]
[SourceDate "2024.01.10"]
[SourceVersion "1"]
[SourceVersionDate "2024.01.10"]
[SourceQuality "1"]

1. e4 e6 2. d4 d5 3. Nd2 Nf6 4. e5 Nfd7 5. f4 c5 6. c3 cxd4 7. cxd4 Nc6 8. Ndf3 Be7 9. Bd3 Nb6 10. Ne2 Bd7 11. 0-0 Nb4 12. Bb1 Bb5 13. a3 Nc6 14. f5 Bxe2 15. Qxe2 Kd7 16. Bd3 Rc8 17. Bd2 Nc4 18. Bxc4 dxc4 19. Qxc4 Kc7 20. Rac1 Qd7 21. Bf4 Kb8 22. d5 Qxd5 23. Qxd5 exd5 24. f6 Bd8 25. fxg7 Rg8 26. e6+ Bc7 27. Bxc7+ Rxc7 28. Ng5 f6 29. Rxf6 Rcxg7 30. h4 Ne5 31. Re1 Ng6 32. Rf7 Ne7 33. Ref1 h6 34. Rxg7 Rxg7 35. Rf8+ Nc8 36. Nf7 Kc7 37. Nxh6 Rg6 38. Nf5 Rxe6 39. h5 Nd6 40. h6 Nxf5 41. h7 Ng3 42. h8Q Re1+ 43. Kf2 1-0

[Event "Pereira Fiestas de la Cosecha op"]
[Site "Pereira"]
[Date "2023.08.25"]
[Round "2"]
[White "Padilla, Argemiro"]
[Black "Diaz Larrea, Juan Manuel"]
[Result "0-1"]
[WhiteElo "1600"]
[BlackElo "1862"]
[PlyCount "92"]
[EventDate "2023.08.24"]
[EventType "swiss"]
[EventRounds "7"]
[EventCountry "COL"]
[SourceTitle "EXT 2024"]
[Source "ChessBase"]
[SourceDate "2023.10.10"]
[SourceVersion "1"]
[SourceVersionDate "2023.10.10"]
[SourceQuality "1"]

1. e4 e5 2. Nf3 Nc6 3. c3 Nf6 4. d3 Be7 5. Be2 0-0 6. Nbd2 d5 7. h3 h6 8. Qc2 Be6 9. b4 a6 10. Rb1 d4 11. a3 dxc3 12. Qxc3 Nd7 13. b5 axb5 14. Rxb5 Nb6 15. Nc4 Nd4 16. Rxe5 Nxe2 17. Kxe2 Nxc4 18. dxc4 Bf6 19. Rd1 Bxe5 20. Nxe5 Qe8 21. Bb2 f6 22. Nd3 Qc6 23. f3 Bxc4 24. Kf2 Rad8 25. Rd2 Qb6+ 26. Ke2 Qa6 27. Ke3 Bxd3 28. Rxd3 Rxd3+ 29. Qxd3 Qxd3+ 30. Kxd3 Rd8+ 31. Ke3 Kf7 32. g4 g5 33. Bc3 Rd1 34. Kf2 Rd3 35. Bb4 b6 36. Ke2 Rb3 37. h4 c5 38. Be1 Rxa3 39. hxg5 hxg5 40. Bd2 Ra2 41. Kd3 Rxd2+ 42. Kxd2 Ke6 43. Ke3 Ke5 44. Ke2 Kf4 45. Kf2 b5 46. Ke2 c4 0-1

[Event "Medellin Flores op 30th"]
[Site "Medellin"]
[Date "2023.08.06"]
[Round "6"]
[White "Narvaez Ramirez, Faber Alberto"]
[Black "Diaz Larrea, Juan Manuel"]
[Result "1/2-1/2"]
[WhiteElo "2065"]
[BlackElo "1862"]
[PlyCount "138"]
[EventDate "2023.08.03"]
[EventType "swiss"]
[EventRounds "9"]
[EventCountry "COL"]
[SourceTitle "CBM 215 Extra"]
[Source "ChessBase"]
[SourceDate "2023.09.30"]
[SourceVersion "1"]
[SourceVersionDate "2023.09.30"]
[SourceQuality "1"]

1. c4 c5 2. Nc3 Nf6 3. g3 d5 4. cxd5 Nxd5 5. Bg2 Nc7 6. Qa4+ Qd7 7. Nf3 Qxa4 8. Nxa4 e6 9. Ne5 Nd7 10. Nc4 b5 11. d4 Nd5 12. Nc3 bxc4 13. Nxd5 exd5 14. Bxd5 Rb8 15. dxc5 Bxc5 16. Bxc4 Bb4+ 17. Kf1 Ne5 18. Bd5 Bb7 19. Bxb7 Rxb7 20. Kg2 0-0 21. Rd1 Rd7 22. Rxd7 Nxd7 23. Be3 Bc5 24. Bxc5 Nxc5 25. Rc1 Ne6 26. b4 Rd8 27. a4 Kf8 28. e3 Ke7 29. Rc2 Rb8 30. b5 a6 31. bxa6 Rb6 32. g4 Rxa6 33. Rc4 Ra5 34. f4 g5 35. Kf3 h6 36. Kg3 Nc5 37. h4 Kf6 38. hxg5+ hxg5 39. Kf3 Nxa4 40. Rc6+ Kg7 41. Rc7 Nc5 42. Rc8 Ne6 43. Rc4 Rc5 44. Ra4 Rd5 45. Rb4 Rd1 46. Kg3 Rd3 47. Kf2 Rc3 48. Ra4 Nf8 49. Ra5 Ne6 50. Ra4 Rc2+ 51. Kf3 Rh2 52. Kg3 Rd2 53. Kf3 Rd3 54. Ke2 Rb3 55. Kf2 gxf4 56. exf4 Nc5 57. Rc4 Nd7 58. Ra4 Nf6 59. g5 Nd5 60. f5 Rb4 61. Rxb4 Nxb4 62. Kf3 Nd3 63. Ke4 Nf2+ 64. Kf3 Nh3 65. Kg4 Nf2+ 66. Kf3 Nh3 67. Kg4 Nf2+ 68. Kf3 Nd3 69. Ke4 Nc5+ 1/2-1/2

[Event "Rivera Huila Hernandez Memorial-B"]
[Site "Rivera Huila"]
[Date "2023.07.22"]
[Round "5"]
[White "Diaz Larrea, Juan Manuel"]
[Black "Rodriguez, William Nicolas1111"]
[Result "0-1"]
[WhiteElo "1960"]
[BlackElo "1596"]
[PlyCount "130"]
[EventDate "2023.07.20"]
[EventType "swiss"]
[EventRounds "7"]
[EventCountry "COL"]
[SourceTitle "CBM 215 Extra"]
[Source "ChessBase"]
[SourceDate "2023.09.30"]
[SourceVersion "1"]
[SourceVersionDate "2023.09.30"]
[SourceQuality "1"]

1. e4 e5 2. Nf3 Nf6 3. Nxe5 d6 4. Nf3 Nxe4 5. Bd3 Nc5 6. Be2 Be7 7. 0-0 0-0 8. d4 Ne4 9. Bd3 Nf6 10. Bg5 h6 11. Bh4 g5 12. Bg3 Bg4 13. h4 Nh5 14. hxg5 hxg5 15. Qe2 Nc6 16. c3 f5 17. Bh2 Qd7 18. Re1 Rae8 19. Nbd2 Bf6 20. Qf1 Kg7 21. d5 Ne7 22. Bb5 c6 23. dxc6 bxc6 24. Bc4 Ng6 25. Nd4 d5 26. Bd3 Bxd4 27. cxd4 Nhf4 28. Nb3 Rh8 29. Nc5 Qd6 30. Bg3 Rb8 31. Re6 Nh4 32. f3 Nh3+ 33. Kh2 Nxf3+ 34. Qxf3 Nf4+ 35. Kg1 Bxf3 36. Rxd6 Rxb2 37. Ne6+ Kf7 38. Nxf4 gxf4 39. Bf2 Rg8 40. Bf1 Bxg2 41. Bxg2 f3 42. Kf1 Rxg2 43. Bg1 Rge2 44. Rxc6 f2 45. Bh2 Re4 46. Rac1 Re1+ 47. Rxe1 fxe1Q+ 48. Kxe1 Rxh2 49. Ra6 f4 50. a4 f3 51. Rd6 Ra2 52. Rxd5 Rxa4 53. Kf2 Ra3 54. Rb5 Ke7 55. d5 a6 56. Rb8 a5 57. Rb6 a4 58. Ra6 Kd7 59. d6 Ke6 60. Kg3 Kd7 61. Kf2 Ra1 62. Kxf3 a3 63. Ke2 a2 64. Kd2 Rh1 65. Ra7+ Kxd6 0-1

[Event "Medellin Easter op 11th"]
[Site "Medellin"]
[Date "2023.04.08"]
[Round "5"]
[White "Perez Lujan, Mateo"]
[Black "Diaz Larrea, Juan Manuel"]
[Result "0-1"]
[WhiteElo "1917"]
[BlackElo "1779"]
[PlyCount "78"]
[EventDate "2023.04.05"]
[EventType "swiss"]
[EventRounds "7"]
[EventCountry "COL"]
[SourceTitle "CBM 213 Extra"]
[Source "ChessBase"]
[SourceDate "2023.05.31"]
[SourceVersion "1"]
[SourceVersionDate "2023.05.31"]
[SourceQuality "1"]

1. e4 e5 2. Nf3 Nc6 3. Bc4 Nf6 4. d3 Be7 5. Nbd2 0-0 6. c3 d5 7. Bb3 a5 8. 0-0 d4 9. cxd4 exd4 10. e5 Nd5 11. Ne4 Bg4 12. h3 Bh5 13. g4 Bg6 14. Qe2 a4 15. Bc2 Ndb4 16. Bb1 Na5 17. Kg2 Re8 18. h4 Qd7 19. Nh2 Bxh4 20. f4 Bxe4+ 21. Qxe4 Be7 22. Kg3 Qc6 23. Qe2 f6 24. Nf3 fxe5 25. Nxe5 Qf6 26. Rh1 Bd6 27. Qh2 h6 28. g5 Qf5 29. gxh6 Rxe5 30. hxg7 Ree8 31. b3 Nd5 32. Qh4 Nxf4 33. Bxf4 Bxf4+ 34. Qxf4 Re3+ 35. Qxe3 dxe3 36. Rh8+ Kxg7 37. Rxa8 e2 38. Bc2 Qe5+ 39. Kf3 Qxa1 0-1

[Event "Medellin Easter op 11th"]
[Site "Medellin"]
[Date "2023.04.06"]
[Round "3"]
[White "Manrique Bermudez, Josue"]
[Black "Diaz Larrea, Juan Manuel"]
[Result "0-1"]
[WhiteElo "1468"]
[BlackElo "1779"]
[PlyCount "80"]
[EventDate "2023.04.05"]
[EventType "swiss"]
[EventRounds "7"]
[EventCountry "COL"]
[SourceTitle "CBM 213 Extra"]
[Source "ChessBase"]
[SourceDate "2023.05.31"]
[SourceVersion "1"]
[SourceVersionDate "2023.05.31"]
[SourceQuality "1"]

1. d4 d5 2. c4 e6 3. Nc3 Nf6 4. cxd5 exd5 5. Bf4 c6 6. e3 Bf5 7. Bd3 Bg6 8. h3 Bd6 9. Bxd6 Qxd6 10. Nge2 Nbd7 11. 0-0 0-0 12. Rc1 Ne4 13. Nxe4 dxe4 14. Bb1 Nb6 15. Nc3 f5 16. Na4 Nd5 17. Nc5 Rf7 18. Re1 Raf8 19. a3 b6 20. Na4 f4 21. exf4 Rxf4 22. Rf1 Ne3 23. Qb3+ Nd5 24. Nc3 Kh8 25. Nxd5 cxd5 26. Ba2 Qf6 27. Qe3 Qf5 28. Rc7 Be8 29. Qg3 g6 30. Re7 Bb5 31. Re5 Qf6 32. Re1 Rxf2 33. Rxd5 Rxb2 34. Kh1 Bf1 35. Rd6 Qe7 36. Re6 Qg7 37. Bd5 Bxg2+ 38. Kg1 Qxd4+ 39. Qe3 Rf1+ 40. Kh2 Rh1+ 0-1

[Event "Medellin Easter op 11th"]
[Site "Medellin"]
[Date "2023.04.05"]
[Round "1"]
[White "Molina Navarro, Jeronimo"]
[Black "Diaz Larrea, Juan Manuel"]
[Result "0-1"]
[WhiteElo "1300"]
[BlackElo "1779"]
[PlyCount "32"]
[EventDate "2023.04.05"]
[EventType "swiss"]
[EventRounds "7"]
[EventCountry "COL"]
[SourceTitle "CBM 213 Extra"]
[Source "ChessBase"]
[SourceDate "2023.05.31"]
[SourceVersion "1"]
[SourceVersionDate "2023.05.31"]
[SourceQuality "1"]

1. d4 d5 2. Nf3 Nf6 3. Bg5 e6 4. g3 Be7 5. Bg2 0-0 6. 0-0 b6 7. Nc3 Bb7 8. Re1 Nbd7 9. Ne5 c5 10. e4 cxd4 11. Qxd4 Bc5 12. Bxf6 Qxf6 13. Qa4 Nxe5 14. exd5 Bxf2+ 15. Kf1 Be3+ 16. Ke2 Qf2+ 0-1

[Event "Palmira op-B"]
[Site "Palmira"]
[Date "2022.12.17"]
[Round "7"]
[White "Diaz Larrea, Juan Manuel"]
[Black "Cardona, Jacobo"]
[Result "1-0"]
[WhiteElo "1761"]
[BlackElo "1471"]
[PlyCount "114"]
[EventDate "2022.12.14"]
[EventType "swiss"]
[EventRounds "8"]
[EventCountry "COL"]
[SourceTitle "CBM 211 Extra"]
[Source "ChessBase"]
[SourceDate "2023.01.31"]
[SourceVersion "1"]
[SourceVersionDate "2023.01.31"]
[SourceQuality "1"]

1. e4 e5 2. Nf3 Nc6 3. Bb5 a6 4. Ba4 Nf6 5. 0-0 Be7 6. Re1 b5 7. Bb3 d6 8. c3 0-0 9. h3 Nb8 10. d4 Nbd7 11. Nbd2 Bb7 12. Bc2 Re8 13. a4 c5 14. d5 c4 15. b3 cxb3 16. Nxb3 Nb6 17. Na5 Qc7 18. Bd2 Nfd7 19. Qe2 Nxa4 20. Bxa4 bxa4 21. c4 Nc5 22. Bb4 Bc8 23. Nc6 Bd7 24. Bxc5 Bxc6 25. dxc6 dxc5 26. Rxa4 Qxc6 27. Rea1 Bd6 28. Nd2 Reb8 29. Qd3 Rb4 30. R4a3 Bc7 31. Nf1 a5 32. Ne3 Bd8 33. Nd5 Rb7 34. Rd1 Rab8 35. Nc3 h6 36. Nb5 Bc7 37. Qe3 Rxb5 38. cxb5 Rxb5 39. Rd5 c4 40. Rxb5 Qxb5 41. Qc1 Bb6 42. Rc3 Qc5 43. Qc2 Qb4 44. g3 a4 45. Rxc4 Qe1+ 46. Kg2 a3 47. Ra4 g6 48. Rxa3 Qb4 49. Rf3 Qe7 50. Qc6 Bd4 51. Rb3 Kg7 52. Rb7 Qg5 53. Qe6 Qf6 54. Qxf6+ Kxf6 55. f4 Ke6 56. Kf3 f5 57. exf5+ Kd5 1-0

[Event "Palmira op-B"]
[Site "Palmira"]
[Date "2022.12.16"]
[Round "4"]
[White "Velez Alvarez, Laura Camila"]
[Black "Diaz Larrea, Juan Manuel"]
[Result "1-0"]
[WhiteElo "1748"]
[BlackElo "1761"]
[PlyCount "83"]
[EventDate "2022.12.14"]
[EventType "swiss"]
[EventRounds "8"]
[EventCountry "COL"]
[SourceTitle "CBM 211 Extra"]
[Source "ChessBase"]
[SourceDate "2023.01.31"]
[SourceVersion "1"]
[SourceVersionDate "2023.01.31"]
[SourceQuality "1"]

1. e4 e5 2. Nf3 Nc6 3. Bb5 a6 4. Ba4 Nf6 5. 0-0 b5 6. Bb3 Be7 7. Re1 0-0 8. c3 d5 9. d3 dxe4 10. dxe4 Qxd1 11. Bxd1 Be6 12. Nbd2 Nd7 13. Bb3 Bxb3 14. Nxb3 Nb6 15. Rb1 Rfd8 16. Be3 Na4 17. Rec1 Rd7 18. Nbd2 Bc5 19. Kf1 Bxe3 20. fxe3 Rad8 21. Ke2 Nc5 22. Rc2 g6 23. b4 Nd3 24. a3 Ne7 25. c4 c6 26. Rb3 f5 27. cxb5 axb5 28. Rcc3 Nf2 29. Kxf2 Rxd2+ 30. Nxd2 Rxd2+ 31. Kf3 fxe4+ 32. Kxe4 Rxg2 33. Kxe5 Kf7 34. e4 Rxh2 35. Rh3 Rxh3 36. Rxh3 h5 37. Rf3+ Kg7 38. Ke6 Ng8 39. Rf7+ Kh8 40. Rc7 h4 41. Rxc6 Nh6 42. Kf6 1-0